Caricamento...

Advanced accounting-module-1

Dettagli Bibliografici
Natura: Printed Book
Pubblicazione: New Delhi ICAI 2015
Soggetti:
LEADER 00560nam a22001337a 4500
020 |a 9788184411348 
082 |a 657  |b ADV.1 
245 |a Advanced accounting-module-1 
260 |a New Delhi  |b ICAI  |c 2015 
650 |a Advanced accounting 
942 |c BK 
999 |c 38271  |d 38271 
952 |0 0  |1 0  |4 0  |6 657_ADV_100000000000000  |7 0  |8 Stack  |9 40516  |a KUCL  |b KUCL  |c Stack  |d 2016-02-08  |g 400.00  |l 0  |o 657 ADV.1  |p G 1523  |r 2016-02-08  |w 2016-02-08  |y BK 
952 |0 0  |1 0  |4 0  |6 657_ADV_100000000000000  |7 0  |8 Stack  |9 40517  |a KUCL  |b KUCL  |c Stack  |d 2016-02-08  |g 400.00  |l 0  |o 657 ADV.1  |p G 1527  |r 2016-02-08  |w 2016-02-08  |y BK